Ngôn ngữ và thể thơ trong ca dao người Việt ở Nam bộ
Vài nét về đại lý, lịch sử, văn hóa và ca dao Nam bộ. Ngôn ngữ ca dao Nam bộ. Thể thơ ca dao Nam bộ
সংরক্ষণ করুন:
| প্রধান লেখক: | |
|---|---|
| বিন্যাস: | গ্রন্থ |
| ভাষা: | Vietnamese |
| প্রকাশিত: |
H.
Thời đại
2013
|
| বিষয়গুলি: | |
| ট্যাগগুলো: |
ট্যাগ যুক্ত করুন
কোনো ট্যাগ নেই, প্রথমজন হিসাবে ট্যাগ করুন!
|
| Thư viện lưu trữ: | Mạng thư viện Đại học Đà Nẵng |
|---|
| LEADER | 01705aam a22004338a 4500 | ||
|---|---|---|---|
| 001 | 000019533 | ||
| 003 | 15968 | ||
| 005 | 20140815110826.0 | ||
| 008 | 140522s2013 viesd | ||
| 020 | |d 2000b | ||
| 041 | 0 | |a vie | |
| 082 | 1 | 4 | |2 14 |a 398.809597 |b NG-C |
| 100 | 1 | |a Nguyễn Thị Phương Châm | |
| 245 | 1 | 0 | |a Ngôn ngữ và thể thơ trong ca dao người Việt ở Nam bộ |c Nguyễn Thị Phương Châm |
| 260 | |a H. |b Thời đại |c 2013 | ||
| 300 | |a 335 tr. |c 21 cm. | ||
| 500 | |a ĐTTS ghi: Hội Văn nghệ dân gian Việt Nam | ||
| 504 | |a Thư mục Tr.335 | ||
| 520 | 3 | |a Vài nét về đại lý, lịch sử, văn hóa và ca dao Nam bộ. Ngôn ngữ ca dao Nam bộ. Thể thơ ca dao Nam bộ | |
| 650 | 0 | 4 | |a Văn học dân gian |x Ngôn ngữ |x Người Việt |z Việt Nam |
| 650 | 7 | |2 Bộ TK TVQG | |
| 650 | 7 | |2 Bộ TK TVQG | |
| 651 | 7 | |2 Bộ TK TVQG |a Việt Nam | |
| 653 | |a Ngôn ngữ | ||
| 653 | |a Ca dao | ||
| 653 | |a Văn học dân gian | ||
| 655 | 7 | |2 Bộ TK TVQG |a Sử thi | |
| OWN | |a LSP | ||
| AVA | |a UDN50 |b LNN |e available |t Error 5001 Not defined in file expand_doc_bib_avail. |f 1 |g 0 |h N |i 0 | ||
| AVA | |a UDN50 |b LSP |d 398.809597 NG-C |e available |t Error 5001 Not defined in file expand_doc_bib_avail. |f 1 |g 0 |h N |i 0 |k 1 | ||
| 999 | |a From the UDN01 | ||
| AVA | |a UDN50 |b LNN |e available |t Error 5001 Not defined in file expand_doc_bib_avail. |f 1 |g 0 |h N |i 0 | ||
| AVA | |a UDN50 |b LSP |d 398.809597 NG-C |e available |t Error 5001 Not defined in file expand_doc_bib_avail. |f 1 |g 0 |h N |i 0 |k 1 | ||
| TYP | |a Monograph | ||
| TYP | |a Printed language | ||
| 980 | |a Mạng thư viện Đại học Đà Nẵng | ||